<?xml version="1.0" encoding="UTF-8"?>
<collection xmlns:xsi="http://www.w3.org/2001/XMLSchema-instance" xsi:schemaLocation="http://www.loc.gov/MARC21/slim http://www.loc.gov/standards/marcxml/schema/MARC21slim.xsd" xmlns="http://www.loc.gov/MARC21/slim">
 <record>
  <leader>00000ctm a22000003a 4500</leader>
  <controlfield tag="001">UP-8027390931316262528</controlfield>
  <controlfield tag="003">Buklod</controlfield>
  <controlfield tag="005">20160914134108.0</controlfield>
  <controlfield tag="006">a     r    |||| u|</controlfield>
  <controlfield tag="007">ta</controlfield>
  <controlfield tag="008">160914s        xx     d     r    |||| u|</controlfield>
  <datafield tag="035" ind1=" " ind2=" ">
   <subfield code="a">(iLib)UPMIN-00008865255</subfield>
  </datafield>
  <datafield tag="040" ind1=" " ind2=" ">
   <subfield code="a">upmin</subfield>
  </datafield>
  <datafield tag="041" ind1=" " ind2=" ">
   <subfield code="a">eng</subfield>
  </datafield>
  <datafield tag="090" ind1=" " ind2="0">
   <subfield code="a">LG 993.2 2011 M21</subfield>
   <subfield code="b">J67</subfield>
  </datafield>
  <datafield tag="100" ind1="1" ind2=" ">
   <subfield code="a">Josol, Charlene P.</subfield>
   <subfield code="e">author.</subfield>
  </datafield>
  <datafield tag="245" ind1="0" ind2="0">
   <subfield code="a">Strategic plan for Davao Reyer Transport Services, Inc/Davao Metro Shuttle Corp</subfield>
   <subfield code="c">Charlene P. Josol ; Dario G. Pampanga, Miguel D. Soledad, advisers.</subfield>
  </datafield>
  <datafield tag="264" ind1=" " ind2="1">
   <subfield code="a">Davao City</subfield>
   <subfield code="b">School of Management, University of the Philippines Mindanao</subfield>
   <subfield code="c">c2011.</subfield>
  </datafield>
  <datafield tag="300" ind1=" " ind2=" ">
   <subfield code="a">xiii, 78 leaves</subfield>
  </datafield>
  <datafield tag="500" ind1=" " ind2=" ">
   <subfield code="a">Thesis, Graduate (Master in Management)--University of the Philippines Mindanao, April 2011.</subfield>
  </datafield>
  <datafield tag="520" ind1=" " ind2=" ">
   <subfield code="a">The viability of a business is measured by its long-term survival, and its ability to have sustainable profits over a period of time. If a business is viable, it is able to survive for many years, because it continues to make a profit year after year. The longer a company can stay profitable, the better its viability. (Murray, n.d.). Davao Reyer Transport Services, Inc. started its business in 1995 operating as a taxi company. Eventually, it shifted o a bus company in 1996. IN its 15-year operations today the company is often visited by various challenges that occasionally shake its capability. The escalating prices of fuel, spare parts and generally the high cost maintenance among others poses a great danger for the operations to sustain its viability. This study focused on Davao Reyer Transport Services, Inc/Davao Metro Shuttle Corporation operating in five routes in Region XI. The study aims to offer an answer to the declining performance of the subject company and ensure its long-term viability. This was done by assessing its key internal and external factors and proposed initiatives to be undertaken to achieve its goals. Through the input stage which entailed the preparations of the External and Internal Matrices. It was established that the company has a weak internal position and a strong external position which means that the company is doing well in terms of taking the advantage of the external opportunities and avoiding the threats facing the company. In the matching stage which involved a conduct of Strengths-Weaknesses-Opportunities-Threats Analysis and Internal-External Matrix. It was proposed that the company should pursue a hold and maintain goal which indicates a Product Development and Market Penetration strategies. With the help of the Quantitative Strategic Planning Matrix throughout the decision stage, it is highly recommended that company should pursue the following objectives; reassign Field Inspectors back to the Operation Department, Institutionalize Department Policies, Market Penetration and Service Development.</subfield>
  </datafield>
  <datafield tag="658" ind1=" " ind2=" ">
   <subfield code="a">Policy and Strategic Planning</subfield>
   <subfield code="c">M241.</subfield>
  </datafield>
  <datafield tag="700" ind1="1" ind2=" ">
   <subfield code="a">Pampanga, Dario G.</subfield>
   <subfield code="e">adviser.</subfield>
  </datafield>
  <datafield tag="700" ind1="1" ind2=" ">
   <subfield code="a">Soledad, Miguel D.</subfield>
   <subfield code="e">adviser.</subfield>
  </datafield>
  <datafield tag="905" ind1=" " ind2=" ">
   <subfield code="a">UP</subfield>
  </datafield>
  <datafield tag="852" ind1="0" ind2=" ">
   <subfield code="a">UPMIN</subfield>
   <subfield code="b">UPMIN-MAIN</subfield>
   <subfield code="h">LG 993.2 2011 M21</subfield>
   <subfield code="i">J67</subfield>
  </datafield>
  <datafield tag="942" ind1=" " ind2=" ">
   <subfield code="a">Thesis</subfield>
  </datafield>
 </record>
</collection>
